Libertines - You're My Waterloo (All lyrics) - Statistics

General Stats
  • This quiz has been taken 8 times
  • The average score is 145 of 222
Answer Stats
Answer % Correct
a
100%
be
100%
do
100%
for
100%
I
100%
I'll
100%
know
100%
me
100%
my
100%
the
100%
to
100%
Waterloo
100%
we
100%
what
100%
you
100%
You
100%
You'll
100%
your
100%
and
83%
And
83%
are
83%
it
83%
like
83%
love
83%
of
83%
only
83%
with
83%
you're
83%
You're
83%
all
67%
baby
67%
cause
67%
Cause
67%
don't
67%
ever
67%
from
67%
fumigate
67%
gonna
67%
had
67%
how
67%
I'm
67%
just
67%
knife
67%
lover
67%
more
67%
never
67%
no
67%
not
67%
Old
67%
one
67%
say
67%
see
67%
smoke
67%
so
67%
than
67%
Vic
67%
who
67%
been
50%
brought
50%
But
50%
but
50%
dawn
50%
demons
50%
flowers
50%
Garland
50%
glad
50%
good
50%
Hancock
50%
happy
50%
home
50%
in
50%
Judy
50%
life
50%
matter
50%
much
50%
need
50%
oh
50%
own
50%
reasons
50%
rope
50%
slept
50%
stage
50%
survivor
50%
three
50%
throw
50%
Tony
50%
until
50%
we'll
50%
well
50%
Well
50%
you've
50%
Calvary
33%
collected
33%
course
33%
exactly
33%
hours
33%
Park
33%
really
33%
Stanley
33%
words
33%
across
17%
always
17%
around
17%
blame
17%
chasing
17%
crows
17%
dark
17%
everyone's
17%
fumbling
17%
Gypsy
17%
here
17%
I've
17%
Lane
17%
left
17%
ones
17%
page
17%
sitting
17%
stone
17%
stumbling
17%
these
17%
who's
17%
tumbling
0%
No matching quizzes found
Score Distribution
Percent of People with Each Score
Percentile by Number Answered
Your Score History
You have not taken this quiz